02488cam a2200301 a 45000010009000000050017000090080041000260200043000670200040001100200038001500200035001880350024002230400045002470820023002922450093003152600043004083000027004515040051004785051343005296500033018726500022019056530022019277000030019497000026019799420012020059990017020179520152020341596781920101013123839.0091030s2010 mau b 001 0 eng  a9780262014366 (hardcover : alk. paper) a026201436X (hardcover : alk. paper) a9780262514361 (pbk. : alk. paper) a0262514362 (pbk. : alk. paper) a(OCoLC)ocn463454544 aDLCcDLCdYDXCPdC#PdBWXdUKMdCDXdDLC00a363.70561222bENV04aThe environmental politics of sacrifice /cedited by Michael Maniates and John M. Meyer. aCambridge, Mass. :bMIT Press,cc2010. aviii, 343 p. ;c23 cm. aIncludes bibliographical references and index.0 aMust we sacrifice? confronting the politics of sacrifice in an ecologically full world / John M. Meyer and Michael Maniates -- Asking the right questions -- A democratic politics of sacrifice? / John M. Meyer -- Sacrifice in an age of comfort / Paul Wapner -- Freedom, values, and sacrifice : overcoming obstacles to environmentally sustainable behavior / Cheryl Hall -- Seeing sacrifice in everyday life -- Ordinary and extraordinary sacrifices : religion, everyday life, and environmental practice / Anna Peterson -- The sacred and the profane in the ecological politics of sacrifice / Karen Litfin -- Consumer sovereignty, heroic sacrifice : two insidious concepts in an endlessly expansionist economy / Thomas Princen -- Parental sacrifice as atonement for future climate change / Sudhir Chella Rajan -- Obstacles and opportunities -- Self-interest, sacrifice and climate change : (re- )framing the British Columbia carbon tax / Shane Gunster -- Civic virtue and sacrifice in a suburban nation / Peter Cannav�o -- Bikes, sticks, carrots / Justin Williams -- Intelligent design? : unpacking geoengineering's hidden sacrifices / Simon Nicholson -- Struggling with sacrifice : take back your time and right2vacation.org / Michael Maniates -- Conclusion : sacrifice and a new environmental politics / Michael Maniates and John M. Meyer. 0aEnvironmental policy.928537 0aSacrifice.928538 bEcocFebruary20121 aManiates, Michael.9285391 aMeyer, John M.928540 2ddccBB c16369d16369 00102ddc40708BaccahaMAINbMAINc1STd2012-02-01epurchaseg170.00h13955l1m23o363.70561 ENVp000025960r2025-07-15 00:00:00s2014-03-04yBB